| 000 | 007600000a22001210004500 | ||
|---|---|---|---|
| 100 | 1 | _aOsorio, Bayron | |
| 245 | 1 | 0 | _aConsiderar a los otros superiores... una lectura de filipenses 2:1-4 |
| 300 | _ano.26 (2008), p.11-16 | ||
| 520 | _aUn modelo antropológico fundado en la codicia puede ser insostenible para los seres humanos. Las condiciones de vida centradas sólo en el tener para sí traen consecuencias irreparables para la humanidad. Pablo, en la carta a los Filipenses, asume la experiencia vital de Jesús, experimentada por Pablo, la existencia humana tiene sentido cuando somos capaces de pensar la vida en función de los otros. | ||
| 650 | 1 | 4 | _aBIBLIA N.T. - EPISTOLAS DE PABLO |
| 773 | 0 | _tRevista universidad católica de oriente | |
| 942 | _cANA | ||
| 999 |
_c62971 _d62971 |
||